A PRACTICAL BOOK ON PHARMACOGNOSY PHYTOCHEMISTRY-I (Record no. 1219907)

MARC details
000 -LEADER
fixed length control field 00460nam a2200169Ia 4500
008 - FIXED-LENGTH DATA ELEMENTS--GENERAL INFORMATION
fixed length control field 260407s2024 xx 000 0 und d
041 ## - LANGUAGE CODE
Language code of text/sound track or separate title eng
082 ## - DEWEY DECIMAL CLASSIFICATION NUMBER
Classification number 615.321/GOK
Item number 12415
100 ## - MAIN ENTRY--PERSONAL NAME
Personal name S.B.GOKHALE
245 ## - TITLE STATEMENT
Title A PRACTICAL BOOK ON PHARMACOGNOSY PHYTOCHEMISTRY-I
250 ## - EDITION STATEMENT
Edition statement 5TH
260 ## - PUBLICATION, DISTRIBUTION, ETC.
Place of publication, distribution, etc. PUNE
Name of publisher, distributor, etc. NIRALI PRAKASHAN
Date of publication, distribution, etc. 2024
300 ## - PHYSICAL DESCRIPTION
Extent 49p
650 ## - SUBJECT ADDED ENTRY--TOPICAL TERM
Topical term or geographic name entry element PHARMACOGNOSY
650 ## - SUBJECT ADDED ENTRY--TOPICAL TERM
Topical term or geographic name entry element PHARMACOGNOSY AND PHYTOCHEMISTRY-I
700 ## - ADDED ENTRY--PERSONAL NAME
Personal name DR.M.G.KALASKAR
Holdings
Withdrawn status Lost status Damaged status Not for loan Home library Current library Date acquired Cost, normal purchase price Total Checkouts Full call number Barcode Date last seen Price effective from Koha item type
        College of Pharmacy, Kolhapur College of Pharmacy, Kolhapur 08/04/2026 50.00   615.321/GOK/12415 PCK-12415 08/04/2026 08/04/2026 Book